| 000 | 00382nam a22001697a 4500 | ||
|---|---|---|---|
| 005 | 20170916131101.0 | ||
| 008 | 170916b xxu||||| |||| 00| 0 eng d | ||
| 020 | _a978-81-318-0293-9 | ||
| 041 | _aeng | ||
| 082 | _a604.2 | ||
| 100 |
_aCHAUHAN, DR B.S _93940 |
||
| 245 | _aENGINEERING CHEMISTRY | ||
| 250 | _a2nd | ||
| 260 | _bLAXMI PUBLICATION | ||
| 300 | _a652p. | ||
| 942 | _cBK | ||
| 999 |
_c5586 _d5584 |
||